Welcome to CU Library Online Public Access Catalogue (OPAC)

LIGHT FROM THE ANCIENT EAST; (Record no. 6841)

MARC details
000 -LEADER
fixed length control field 00464nam a22001457a 4500
005 - DATE AND TIME OF LATEST TRANSACTION
control field 20250703165022.0
008 - FIXED-LENGTH DATA ELEMENTS--GENERAL INFORMATION
fixed length control field 250703b |||||||| |||| 00| 0 eng d
020 ## - INTERNATIONAL STANDARD BOOK NUMBER
International Standard Book Number 1565631552
050 ## - LIBRARY OF CONGRESS CALL NUMBER
Classification number BS2375
Item number DEI
100 ## - MAIN ENTRY--PERSONAL NAME
Personal name A DOLF DEISSMANN
245 ## - TITLE STATEMENT
Title LIGHT FROM THE ANCIENT EAST;
Remainder of title THE NEW TESTAMENT ILLUSTRATED BY RECENTLY DISCOVERED TEXTS OF THE GRAECO
260 ## - PUBLICATION, DISTRIBUTION, ETC.
Place of publication, distribution, etc. MASSACHUSETTS
Name of publisher, distributor, etc. HENDRICKSON PUBLISHERS, INC.
Date of publication, distribution, etc. 1995
300 ## - PHYSICAL DESCRIPTION
Extent xxxii, 535p
942 ## - ADDED ENTRY ELEMENTS (KOHA)
Source of classification or shelving scheme Library of Congress Classification
Koha item type Books
Suppress in OPAC No
999 ## -
-- 6841
-- 6841
Holdings
Withdrawn status Lost status Source of classification or shelving scheme Damaged status Not for loan Collection Home library Current library Shelving location Date acquired Total checkouts Full call number Barcode Date last seen Copy number Price effective from Koha item type
    Library of Congress Classification     Non-fiction Undergraduate Library (Christ Temple) Undergraduate Library (Christ Temple) General stacks 07/03/2025   BS2375 DEI ulct00003685 07/03/2025 1 06/10/2025 Books
© 2023-2024 Copyright: Central University Libraries. All Rights Reserved | Created by: Mahone Tech Office